000 00823nam a2200217Ii 4500
003 JO-AjNU
008 230605s9999||||xx |||||||||||||| ||und||
017 _a1977/4450
040 _aJO-AjNU
_bara
_erda
_cJO-AjNU
041 _aara
050 1 4 _aLC 191 .K3 1977
100 3 _aإعداد حبيب، كرم، اشراف منصور حسين,
_eauthor
_917404
245 0 0 _aالتعليم والتغير الثقافي
264 3 1 _aالقاهرة: مكتبة الوعي العربي، 1977
300 _a143ص
336 _atext
_btxt
_2rdacontent
337 _aunmediated
_bn
_2rdamedia
338 _avolume
_bnc
_2rdacarrier
490 0 _aسلسلة التعليم في خدمة المجتمع
650 4 _aالتعليم - جوانب اجتماعية - علم اجتماع تربوي - تغيير اجتماعي
_917405
999 _aA5368
_c8936
_d8936